[Event "DEM U12w 2022"]
[Site "Willingen GER"]
[Date "2022.06.11"]
[Round "9"]
[White "Dodul, Alice"]
[Black "Richter, Johanna"]
[Result "1/2-1/2"]
[Termination "normal"]
[Board "4"]
[WhiteElo "1329"]
[BlackElo "1363"]
[WhiteClock "00:48:08"]
[BlackClock "00:26:10"]
[PlyCount "138"]
[WhiteFideId "34623817"]
[BlackFideId "16278925"]
[EventCountry "GER"]
[EventRounds "9"]
[EventType "swiss"]
[EventDate "2022.06.04"]

1. f4 {[%clk 01:30:58]} {[%emt 00:00:02]} Nf6 {[%clk 01:30:52]} {[%emt
00:00:09]} 2. Nf3 {[%clk 01:31:19]} {[%emt 00:00:08]} g6 {[%clk 01:31:17]}
{[%emt 00:00:05]} 3. e3 {[%clk 01:31:40]} {[%emt 00:00:09]} Bg7 {[%clk
01:31:43]} {[%emt 00:00:04]} 4. Be2 {[%clk 01:31:54]} {[%emt 00:00:15]} O-O
{[%clk 01:32:07]} {[%emt 00:00:07]} 5. O-O {[%clk 01:32:14]} {[%emt 00:00:10]}
d6 {[%clk 01:32:34]} {[%emt 00:00:03]} 6. d4 {[%clk 01:32:19]} {[%emt
00:00:24]} Nbd7 {[%clk 01:32:01]} {[%emt 00:01:04]} 7. c3 {[%clk 01:31:33]}
{[%emt 00:01:16]} c5 {[%clk 01:31:02]} {[%emt 00:01:29]} 8. Qe1 {[%clk
01:29:34]} {[%emt 00:02:28]} b6 {[%clk 01:31:14]} {[%emt 00:00:20]} 9. Nbd2
{[%clk 01:27:57]} {[%emt 00:02:07]} Bb7 {[%clk 01:31:07]} {[%emt 00:00:37]} 10.
Qh4 {[%clk 01:25:15]} {[%emt 00:03:10]} Re8 {[%clk 01:27:37]} {[%emt 00:04:01]}
11. Bd3 {[%clk 01:20:40]} {[%emt 00:05:05]} Qc7 {[%clk 01:16:57]} {[%emt
00:11:10]} 12. e4 {[%clk 01:18:08]} {[%emt 00:03:01]} e6 {[%clk 00:56:25]}
{[%emt 00:21:04]} 13. g4 {[%clk 01:02:14]} {[%emt 00:16:24]} Nf8 {[%clk
00:51:39]} {[%emt 00:05:15]} 14. Qg3 {[%clk 00:58:43]} {[%emt 00:04:00]} c4
{[%clk 00:36:17]} {[%emt 00:15:53]} 15. Bc2 {[%clk 00:55:38]} {[%emt 00:03:35]}
b5 {[%clk 00:35:40]} {[%emt 00:01:07]} 16. h4 {[%clk 00:54:24]} {[%emt
00:01:44]} a5 {[%clk 00:35:15]} {[%emt 00:00:56]} 17. a3 {[%clk 00:53:09]}
{[%emt 00:01:44]} Qb6 {[%clk 00:33:43]} {[%emt 00:02:02]} 18. e5 {[%clk
00:52:45]} {[%emt 00:00:54]} dxe5 {[%clk 00:32:23]} {[%emt 00:01:50]} 19. fxe5
{[%clk 00:52:58]} {[%emt 00:00:17]} N6d7 {[%clk 00:32:34]} {[%emt 00:00:19]}
20. g5 {[%clk 00:46:57]} {[%emt 00:06:31]} Nb8 {[%clk 00:28:00]} {[%emt
00:05:05]} 21. Be4 {[%clk 00:44:02]} {[%emt 00:03:24]} Nc6 {[%clk 00:27:39]}
{[%emt 00:00:50]} 22. Bxc6 {[%clk 00:40:05]} {[%emt 00:04:28]} Bxc6 {[%clk
00:27:50]} {[%emt 00:00:19]} 23. Qf4 {[%clk 00:39:04]} {[%emt 00:01:29]} Re7
{[%clk 00:26:43]} {[%emt 00:01:39]} 24. Nh2 {[%clk 00:38:30]} {[%emt 00:01:04]}
Nd7 {[%clk 00:26:31]} {[%emt 00:00:42]} 25. Ng4 {[%clk 00:37:34]} {[%emt
00:01:25]} Bd5 {[%clk 00:15:03]} {[%emt 00:11:59]} 26. Ne4 {[%clk 00:34:33]}
{[%emt 00:03:31]} Bxe4 {[%clk 00:09:09]} {[%emt 00:06:24]} 27. Qxe4 {[%clk
00:34:40]} {[%emt 00:00:23]} Rb8 {[%clk 00:08:40]} {[%emt 00:01:00]} 28. Qf4
{[%clk 00:34:10]} {[%emt 00:00:58]} b4 {[%clk 00:05:43]} {[%emt 00:03:28]} 29.
Be3 {[%clk 00:33:41]} {[%emt 00:00:59]} Qb7 {[%clk 00:04:23]} {[%emt 00:01:50]}
30. Nh6+ {[%clk 00:30:48]} {[%emt 00:03:23]} Bxh6 {[%clk 00:04:42]} {[%emt
00:00:12]} 31. gxh6 {[%clk 00:30:50]} {[%emt 00:00:26]} b3 {[%clk 00:03:41]}
{[%emt 00:01:32]} 32. h5 {[%clk 00:29:25]} {[%emt 00:01:55]} Rf8 {[%clk
00:03:12]} {[%emt 00:00:59]} 33. Qg5 {[%clk 00:28:07]} {[%emt 00:01:47]} Ree8
{[%clk 00:02:53]} {[%emt 00:00:50]} 34. Rf6 {[%clk 00:27:26]} {[%emt 00:01:11]}
Nb6 {[%clk 00:02:20]} {[%emt 00:01:03]} 35. Rd1 {[%clk 00:25:30]} {[%emt
00:02:26]} Nd5 {[%clk 00:02:34]} {[%emt 00:00:16]} 36. Bc1 {[%clk 00:24:28]}
{[%emt 00:01:32]} Qe7 {[%clk 00:02:43]} {[%emt 00:00:21]} 37. Rf2 {[%clk
00:23:46]} {[%emt 00:01:11]} Qxg5+ {[%clk 00:02:04]} {[%emt 00:01:10]} 38. Bxg5
{[%clk 00:24:06]} {[%emt 00:00:10]} a4 {[%clk 00:02:26]} {[%emt 00:00:08]} 39.
Bf6 {[%clk 00:23:12]} {[%emt 00:01:23]} Rb8 {[%clk 00:01:15]} {[%emt 00:01:42]}
40. Bg7 {[%clk 00:22:39]} {[%emt 00:01:02]} Rfc8 {[%clk 00:01:24]} {[%emt
00:00:21]} 41. Rf3 {[%clk 00:22:26]} {[%emt 00:00:44]} Rb7 {[%clk 00:01:18]}
{[%emt 00:00:36]} 42. Rdf1 {[%clk 00:22:28]} {[%emt 00:00:28]} Rcb8 {[%clk
00:00:44]} {[%emt 00:01:04]} 43. hxg6 {[%clk 00:22:36]} {[%emt 00:00:21]} hxg6
{[%clk 00:01:05]} {[%emt 00:00:10]} 44. Kg2 {[%clk 00:20:58]} {[%emt 00:02:08]}
Rc8 {[%clk 00:00:43]} {[%emt 00:00:52]} 45. Bf6 {[%clk 00:20:37]} {[%emt
00:00:51]} Kh7 {[%clk 00:30:10]} {[%emt 00:01:04]} 46. Rg3 {[%clk 00:49:17]}
{[%emt 00:01:49]} Nxf6 {[%clk 00:27:58]} {[%emt 00:02:43]} 47. exf6 {[%clk
00:49:20]} {[%emt 00:00:25]} Rb5 {[%clk 00:28:23]} {[%emt 00:00:06]} 48. Re1
{[%clk 00:48:44]} {[%emt 00:01:06]} Rd8 {[%clk 00:28:05]} {[%emt 00:00:48]} 49.
Rge3 {[%clk 00:48:22]} {[%emt 00:00:52]} Rdd5 {[%clk 00:28:24]} {[%emt
00:00:11]} 50. Kf3 {[%clk 00:46:53]} {[%emt 00:01:58]} Rf5+ {[%clk 00:28:38]}
{[%emt 00:00:16]} 51. Kg4 {[%clk 00:46:46]} {[%emt 00:00:36]} Rxf6 {[%clk
00:27:50]} {[%emt 00:01:20]} 52. Re5 {[%clk 00:46:55]} {[%emt 00:00:20]} Rxe5
{[%clk 00:27:41]} {[%emt 00:00:39]} 53. Rxe5 {[%clk 00:46:43]} {[%emt
00:00:42]} Rf2 {[%clk 00:25:09]} {[%emt 00:03:03]} 54. Kg3 {[%clk 00:46:33]}
{[%emt 00:00:40]} Rf5 {[%clk 00:24:15]} {[%emt 00:01:24]} 55. Rc5 {[%clk
00:46:27]} {[%emt 00:00:36]} Rf1 {[%clk 00:23:17]} {[%emt 00:01:28]} 56. Rxc4
{[%clk 00:46:43]} {[%emt 00:00:14]} Rb1 {[%clk 00:23:36]} {[%emt 00:00:11]} 57.
Rxa4 {[%clk 00:46:46]} {[%emt 00:00:26]} Rxb2 {[%clk 00:23:57]} {[%emt
00:00:10]} 58. Rb4 {[%clk 00:46:51]} {[%emt 00:00:25]} Rb1 {[%clk 00:24:11]}
{[%emt 00:00:15]} 59. Kf2 {[%clk 00:46:50]} {[%emt 00:00:30]} b2 {[%clk
00:24:12]} {[%emt 00:00:31]} 60. c4 {[%clk 00:46:38]} {[%emt 00:00:42]} Rc1
{[%clk 00:24:19]} {[%emt 00:00:23]} 61. Rxb2 {[%clk 00:46:32]} {[%emt
00:00:36]} Rxc4 {[%clk 00:24:44]} {[%emt 00:00:05]} 62. Ra2 {[%clk 00:46:47]}
{[%emt 00:00:15]} Rxd4 {[%clk 00:25:06]} {[%emt 00:00:08]} 63. a4 {[%clk
00:47:05]} {[%emt 00:00:12]} Kxh6 {[%clk 00:25:19]} {[%emt 00:00:17]} 64. a5
{[%clk 00:47:25]} {[%emt 00:00:10]} Rd8 {[%clk 00:25:46]} {[%emt 00:00:03]} 65.
Ke3 {[%clk 00:47:32]} {[%emt 00:00:23]} Kg7 {[%clk 00:25:53]} {[%emt 00:00:22]}
66. a6 {[%clk 00:47:54]} {[%emt 00:00:09]} Kf8 {[%clk 00:25:53]} {[%emt
00:00:30]} 67. a7 {[%clk 00:48:05]} {[%emt 00:00:19]} Ra8 {[%clk 00:26:20]}
{[%emt 00:00:03]} 68. Kd4 {[%clk 00:47:58]} {[%emt 00:00:36]} Ke8 {[%clk
00:26:38]} {[%emt 00:00:13]} 69. Kc5 {[%clk 00:48:08]} {[%emt 00:00:20]} Kd8
{[%clk 00:26:10]} {[%emt 00:00:57]} 1/2-1/2

[Event "DEM U12w 2022"]
[Site "Willingen GER"]
[Date "2022.06.11"]
[Round "9"]
[White "Mehner, Clara"]
[Black "Halas, Neele Zoe"]
[Result "1-0"]
[Termination "normal"]
[Board "5"]
[WhiteElo "1056"]
[BlackElo "1415"]
[WhiteClock "00:36:07"]
[BlackClock "00:08:50"]
[PlyCount "43"]
[WhiteFideId "34612165"]
[BlackFideId "16287282"]
[EventCountry "GER"]
[EventRounds "9"]
[EventType "swiss"]
[EventDate "2022.06.04"]

1. e4 {[%clk 01:30:59]} e5 {[%clk 01:30:55]} {[%emt 00:00:05]} 2. Nf3 {[%clk
01:31:24]} {[%emt 00:00:06]} Nc6 {[%clk 01:31:19]} {[%emt 00:00:06]} 3. d4
{[%clk 01:31:47]} {[%emt 00:00:07]} exd4 {[%clk 01:31:43]} {[%emt 00:00:06]} 4.
Nxd4 {[%clk 01:32:07]} {[%emt 00:00:09]} Bc5 {[%clk 01:31:53]} {[%emt
00:00:20]} 5. Nf5 {[%clk 01:32:22]} {[%emt 00:00:16]} Qf6 {[%clk 01:22:02]}
{[%emt 00:10:20]} 6. Nc3 {[%clk 01:31:19]} {[%emt 00:01:34]} Nge7 {[%clk
01:18:26]} {[%emt 00:04:06]} 7. Ne3 {[%clk 01:30:24]} {[%emt 00:01:24]} O-O
{[%clk 01:05:59]} {[%emt 00:12:58]} 8. Be2 {[%clk 01:26:03]} {[%emt 00:04:50]}
d6 {[%clk 01:02:49]} {[%emt 00:03:40]} 9. O-O {[%clk 01:23:57]} {[%emt
00:02:36]} Ng6 {[%clk 00:56:28]} {[%emt 00:06:51]} 10. Kh1 {[%clk 01:18:28]}
{[%emt 00:05:59]} Nf4 {[%clk 00:52:21]} {[%emt 00:04:28]} 11. Ned5 {[%clk
01:15:31]} {[%emt 00:03:36]} Nxd5 {[%clk 00:51:41]} {[%emt 00:01:10]} 12. Nxd5
{[%clk 01:11:41]} {[%emt 00:04:21]} Qd8 {[%clk 00:50:10]} {[%emt 00:02:01]} 13.
f4 {[%clk 01:07:40]} {[%emt 00:04:30]} Re8 {[%clk 00:39:46]} {[%emt 00:10:55]}
14. Bd3 {[%clk 01:01:57]} {[%emt 00:06:12]} Ne7 {[%clk 00:32:26]} {[%emt
00:07:50]} 15. Qh5 {[%clk 00:55:22]} {[%emt 00:07:05]} Nxd5 {[%clk 00:24:32]}
{[%emt 00:08:25]} 16. Qxd5 {[%clk 00:55:05]} {[%emt 00:00:46]} c6 {[%clk
00:18:08]} {[%emt 00:06:55]} 17. Qh5 {[%clk 00:51:43]} {[%emt 00:03:51]} h6
{[%clk 00:16:18]} {[%emt 00:02:21]} 18. f5 {[%clk 00:45:32]} {[%emt 00:06:41]}
d5 {[%clk 00:08:49]} {[%emt 00:07:59]} 19. f6 {[%clk 00:38:55]} {[%emt
00:07:07]} g6 {[%clk 00:09:00]} {[%emt 00:00:18]} 20. Qxh6 {[%clk 00:37:43]}
{[%emt 00:01:41]} Qxf6 {[%clk 00:08:26]} {[%emt 00:01:05]} 21. Rxf6 {[%clk
00:37:23]} {[%emt 00:00:51]} dxe4 {[%clk 00:08:50]} {[%emt 00:00:06]} 22. Bc4
{[%clk 00:36:07]} {[%emt 00:01:44]} 1-0

[Event "DEM U12w 2022"]
[Site "Willingen GER"]
[Date "2022.06.11"]
[Round "9"]
[White "Vogt, Luna"]
[Black "Schwarzfischer, Julia"]
[Result "0-1"]
[Termination "normal"]
[Board "6"]
[WhiteElo "1334"]
[BlackElo "1368"]
[WhiteClock "00:15:46"]
[BlackClock "01:22:45"]
[PlyCount "78"]
[WhiteFideId "34607153"]
[BlackFideId "16268105"]
[EventCountry "GER"]
[EventRounds "9"]
[EventType "swiss"]
[EventDate "2022.06.04"]

1. e4 {[%clk 01:30:58]} {[%emt 00:00:01]} e5 {[%clk 01:30:55]} {[%emt
00:00:05]} 2. Nf3 {[%clk 01:31:24]} {[%emt 00:00:04]} Nc6 {[%clk 01:31:19]}
{[%emt 00:00:06]} 3. Bc4 {[%clk 01:31:34]} {[%emt 00:00:20]} Bc5 {[%clk
01:31:44]} {[%emt 00:00:06]} 4. c3 {[%clk 01:31:59]} {[%emt 00:00:04]} Nf6
{[%clk 01:31:54]} {[%emt 00:00:20]} 5. d4 {[%clk 01:32:17]} {[%emt 00:00:13]}
exd4 {[%clk 01:32:19]} {[%emt 00:00:04]} 6. e5 {[%clk 01:32:41]} {[%emt
00:00:06]} Qe7 {[%clk 01:31:45]} {[%emt 00:01:04]} 7. O-O {[%clk 01:32:57]}
{[%emt 00:00:14]} Nh5 {[%clk 01:31:34]} {[%emt 00:00:42]} 8. cxd4 {[%clk
01:32:53]} {[%emt 00:00:34]} Bb4 {[%clk 01:31:43]} {[%emt 00:00:21]} 9. g4
{[%clk 01:26:13]} {[%emt 00:07:09]} d6 {[%clk 01:28:15]} {[%emt 00:03:59]} 10.
a3 {[%clk 01:21:43]} {[%emt 00:05:00]} Ba5 {[%clk 01:28:03]} {[%emt 00:00:42]}
11. b4 {[%clk 01:21:14]} {[%emt 00:00:58]} Bb6 {[%clk 01:28:29]} {[%emt
00:00:04]} 12. gxh5 {[%clk 01:20:25]} {[%emt 00:01:20]} Bg4 {[%clk 01:28:11]}
{[%emt 00:00:48]} 13. exd6 {[%clk 01:15:13]} {[%emt 00:05:41]} Qxd6 {[%clk
01:28:08]} {[%emt 00:00:33]} 14. Re1+ {[%clk 01:14:53]} {[%emt 00:00:50]} Ne7
{[%clk 01:28:19]} {[%emt 00:00:19]} 15. Bb2 {[%clk 01:13:13]} {[%emt 00:02:10]}
O-O-O {[%clk 01:28:35]} {[%emt 00:00:14]} 16. Be2 {[%clk 01:09:17]} {[%emt
00:04:26]} Bxh5 {[%clk 01:27:21]} {[%emt 00:01:44]} 17. Ne5 {[%clk 01:05:21]}
{[%emt 00:04:26]} Bxe2 {[%clk 01:26:30]} {[%emt 00:01:20]} 18. Rxe2 {[%clk
01:01:42]} {[%emt 00:04:10]} Nf5 {[%clk 01:25:04]} {[%emt 00:01:56]} 19. Nf3
{[%clk 00:46:35]} {[%emt 00:15:37]} g5 {[%clk 01:24:35]} {[%emt 00:00:59]} 20.
Nc3 {[%clk 00:40:59]} {[%emt 00:06:06]} Rhg8 {[%clk 01:23:20]} {[%emt
00:01:45]} 21. Ne4 {[%clk 00:39:17]} {[%emt 00:02:13]} Qg6 {[%clk 01:22:28]}
{[%emt 00:01:21]} 22. Qd2 {[%clk 00:34:39]} {[%emt 00:05:09]} Nh4 {[%clk
01:22:26]} {[%emt 00:00:31]} 23. Re3 {[%clk 00:30:38]} {[%emt 00:04:32]} Qxe4
{[%clk 01:22:06]} {[%emt 00:00:50]} 24. Nxh4 {[%clk 00:26:49]} {[%emt
00:04:18]} gxh4+ {[%clk 01:21:49]} {[%emt 00:00:47]} 25. Kf1 {[%clk 00:26:51]}
{[%emt 00:00:28]} Qh1+ {[%clk 01:21:50]} {[%emt 00:00:28]} 26. Ke2 {[%clk
00:27:03]} {[%emt 00:00:18]} Qxh2 {[%clk 01:22:11]} {[%emt 00:00:10]} 27. Kd1
{[%clk 00:24:40]} {[%emt 00:02:53]} Rg2 {[%clk 01:21:27]} {[%emt 00:01:14]} 28.
Re2 {[%clk 00:24:24]} {[%emt 00:00:46]} Bxd4 {[%clk 01:20:49]} {[%emt
00:01:08]} 29. Bxd4 {[%clk 00:23:10]} {[%emt 00:01:44]} Rg1+ {[%clk 01:20:51]}
{[%emt 00:00:27]} 30. Re1 {[%clk 00:23:09]} {[%emt 00:00:32]} Rxe1+ {[%clk
01:21:10]} {[%emt 00:00:11]} 31. Qxe1 {[%clk 00:20:44]} {[%emt 00:02:54]} Rxd4+
{[%clk 01:21:27]} {[%emt 00:00:13]} 32. Kc2 {[%clk 00:20:40]} {[%emt 00:00:35]}
Qd6 {[%clk 01:20:55]} {[%emt 00:01:02]} 33. Qe8+ {[%clk 00:20:08]} {[%emt
00:01:02]} Qd8 {[%clk 01:21:21]} {[%emt 00:00:04]} 34. Qxf7 {[%clk 00:16:08]}
{[%emt 00:04:31]} Rd2+ {[%clk 01:21:40]} {[%emt 00:00:09]} 35. Kc1 {[%clk
00:15:44]} {[%emt 00:00:54]} Rd1+ {[%clk 01:22:03]} {[%emt 00:00:08]} 36. Kb2
{[%clk 00:16:08]} {[%emt 00:00:07]} Qd2+ {[%clk 01:22:19]} {[%emt 00:00:13]}
37. Kb3 {[%clk 00:16:05]} {[%emt 00:00:33]} Qd3+ {[%clk 01:22:25]} {[%emt
00:00:24]} 38. Kb2 {[%clk 00:15:37]} {[%emt 00:00:58]} Rd2+ {[%clk 01:22:45]}
{[%emt 00:00:10]} 39. Kc1 {[%clk 00:15:46]} {[%emt 00:00:21]} Qc2# {[%emt
00:00:15]} 0-1

[Event "DEM U12w 2022"]
[Site "Willingen GER"]
[Date "2022.06.11"]
[Round "9"]
[White "Burlutskaia, Maria"]
[Black "Czäczine, Paula"]
[Result "1-0"]
[Termination "normal"]
[Board "7"]
[WhiteElo "1408"]
[BlackElo "1218"]
[WhiteClock "01:05:27"]
[BlackClock "00:57:51"]
[PlyCount "39"]
[WhiteFideId "34607137"]
[BlackFideId "16249305"]
[EventCountry "GER"]
[EventRounds "9"]
[EventType "swiss"]
[EventDate "2022.06.04"]

1. e4 {[%clk 01:30:59]} e5 {[%clk 01:30:54]} {[%emt 00:00:07]} 2. Nf3 {[%clk
01:31:25]} {[%emt 00:00:04]} Nc6 {[%clk 01:31:18]} {[%emt 00:00:06]} 3. d4
{[%clk 01:31:51]} {[%emt 00:00:04]} exd4 {[%clk 01:31:40]} {[%emt 00:00:08]} 4.
Bc4 {[%clk 01:32:18]} {[%emt 00:00:03]} Nf6 {[%clk 01:31:53]} {[%emt 00:00:17]}
5. O-O {[%clk 01:32:42]} {[%emt 00:00:06]} Nxe4 {[%clk 01:32:10]} {[%emt
00:00:13]} 6. Re1 {[%clk 01:33:05]} {[%emt 00:00:07]} d5 {[%clk 01:32:21]}
{[%emt 00:00:19]} 7. Bxd5 {[%clk 01:33:31]} {[%emt 00:00:04]} Qxd5 {[%clk
01:32:40]} {[%emt 00:00:11]} 8. Nc3 {[%clk 01:33:57]} {[%emt 00:00:04]} Qh5
{[%clk 01:32:49]} {[%emt 00:00:20]} 9. Nxe4 {[%clk 01:34:09]} {[%emt 00:00:18]}
Be6 {[%clk 01:32:45]} {[%emt 00:00:34]} 10. Bg5 {[%clk 01:34:34]} {[%emt
00:00:05]} Bd6 {[%clk 01:32:11]} {[%emt 00:01:05]} 11. c3 {[%clk 01:21:57]}
{[%emt 00:13:06]} h6 {[%clk 01:21:41]} {[%emt 00:10:59]} 12. cxd4 {[%clk
01:17:16]} {[%emt 00:05:13]} hxg5 {[%clk 01:13:05]} {[%emt 00:09:06]} 13. Nxd6+
{[%clk 01:17:01]} {[%emt 00:00:44]} cxd6 {[%clk 01:13:26]} {[%emt 00:00:09]}
14. d5 {[%clk 01:16:05]} {[%emt 00:01:27]} O-O-O {[%clk 01:06:48]} {[%emt
00:07:07]} 15. dxc6 {[%clk 01:07:28]} {[%emt 00:09:07]} bxc6 {[%clk 01:06:27]}
{[%emt 00:00:51]} 16. Qa4 {[%clk 01:07:39]} {[%emt 00:00:19]} Kb7 {[%clk
01:05:15]} {[%emt 00:01:43]} 17. Rac1 {[%clk 01:05:12]} {[%emt 00:02:56]} Bd5
{[%clk 01:02:53]} {[%emt 00:02:52]} 18. Re7+ {[%clk 01:04:47]} {[%emt
00:00:55]} Kb6 {[%clk 00:57:51]} {[%emt 00:05:32]} 19. Qxa7+ {[%clk 01:05:04]}
{[%emt 00:00:13]} Kb5 {[%emt 00:00:14]} 20. Rb7# {[%clk 01:05:27]} 1-0

[Event "DEM U12w 2022"]
[Site "Willingen GER"]
[Date "2022.06.11"]
[Round "9"]
[White "Huber, Laura"]
[Black "Yamshchikova, Alisa"]
[Result "1/2-1/2"]
[Termination "normal"]
[Board "8"]
[WhiteElo "1340"]
[BlackElo "1216"]
[WhiteClock "00:04:27"]
[BlackClock "00:18:18"]
[PlyCount "75"]
[WhiteFideId "16270940"]
[BlackFideId "34135790"]
[EventCountry "GER"]
[EventRounds "9"]
[EventType "swiss"]
[EventDate "2022.06.04"]

1. e4 {[%clk 01:30:59]} c5 {[%clk 01:30:55]} {[%emt 00:00:06]} 2. Nc3 {[%clk
01:31:26]} {[%emt 00:00:03]} e6 {[%clk 01:31:18]} {[%emt 00:00:07]} 3. Nge2
{[%clk 01:31:48]} {[%emt 00:00:07]} a6 {[%clk 01:31:17]} {[%emt 00:00:31]} 4.
g3 {[%clk 01:28:28]} {[%emt 00:03:50]} g6 {[%clk 01:27:52]} {[%emt 00:03:56]}
5. Bg2 {[%clk 01:27:08]} {[%emt 00:01:50]} Bg7 {[%clk 01:28:13]} {[%emt
00:00:09]} 6. O-O {[%clk 01:23:57]} {[%emt 00:03:40]} Ne7 {[%clk 01:28:33]}
{[%emt 00:00:10]} 7. d3 {[%clk 01:21:05]} {[%emt 00:03:23]} Nbc6 {[%clk
01:28:13]} {[%emt 00:00:49]} 8. f4 {[%clk 01:18:17]} {[%emt 00:03:18]} d5
{[%clk 01:28:13]} {[%emt 00:00:30]} 9. a3 {[%clk 01:05:34]} {[%emt 00:13:14]}
O-O {[%clk 01:25:38]} {[%emt 00:03:05]} 10. Qe1 {[%clk 00:59:06]} {[%emt
00:06:58]} b5 {[%clk 01:20:30]} {[%emt 00:05:38]} 11. Kh1 {[%clk 00:49:40]}
{[%emt 00:09:55]} Bb7 {[%clk 01:18:36]} {[%emt 00:02:25]} 12. Qf2 {[%clk
00:48:15]} {[%emt 00:01:54]} d4 {[%clk 01:13:41]} {[%emt 00:05:25]} 13. Nb1
{[%clk 00:46:05]} {[%emt 00:02:41]} Qd7 {[%clk 01:11:23]} {[%emt 00:02:48]} 14.
Nd2 {[%clk 00:44:19]} {[%emt 00:02:16]} a5 {[%clk 00:56:50]} {[%emt 00:15:03]}
15. Nb3 {[%clk 00:39:37]} {[%emt 00:05:12]} c4 {[%clk 00:52:11]} {[%emt
00:05:09]} 16. Nc5 {[%clk 00:38:13]} {[%emt 00:01:54]} Qc7 {[%clk 00:51:21]}
{[%emt 00:01:18]} 17. Nxb7 {[%clk 00:37:13]} {[%emt 00:01:31]} Qxb7 {[%clk
00:51:43]} {[%emt 00:00:08]} 18. e5 {[%clk 00:34:11]} {[%emt 00:03:33]} Qd7
{[%clk 00:48:03]} {[%emt 00:04:09]} 19. dxc4 {[%clk 00:25:28]} {[%emt
00:09:14]} bxc4 {[%clk 00:48:23]} {[%emt 00:00:10]} 20. Nxd4 {[%clk 00:24:21]}
{[%emt 00:01:37]} Rac8 {[%clk 00:41:22]} {[%emt 00:07:30]} 21. Nxc6 {[%clk
00:19:44]} {[%emt 00:05:07]} Nxc6 {[%clk 00:41:43]} {[%emt 00:00:09]} 22. Bd2
{[%clk 00:17:32]} {[%emt 00:02:42]} a4 {[%clk 00:41:18]} {[%emt 00:00:55]} 23.
Rad1 {[%clk 00:17:21]} {[%emt 00:00:41]} Qc7 {[%clk 00:37:08]} {[%emt
00:04:38]} 24. Bc3 {[%clk 00:16:57]} {[%emt 00:00:56]} Na7 {[%clk 00:31:32]}
{[%emt 00:06:05]} 25. Bb4 {[%clk 00:16:26]} {[%emt 00:01:02]} Rfd8 {[%clk
00:29:11]} {[%emt 00:02:50]} 26. Rxd8+ {[%clk 00:16:22]} {[%emt 00:00:35]} Rxd8
{[%clk 00:29:24]} {[%emt 00:00:16]} 27. Bd6 {[%clk 00:16:26]} {[%emt 00:00:28]}
Qa5 {[%clk 00:28:00]} {[%emt 00:01:53]} 28. Bb4 {[%clk 00:14:23]} {[%emt
00:02:34]} Qc7 {[%clk 00:24:43]} {[%emt 00:03:46]} 29. Qe2 {[%clk 00:14:18]}
{[%emt 00:00:36]} Bf8 {[%clk 00:22:55]} {[%emt 00:02:17]} 30. Rd1 {[%clk
00:09:23]} {[%emt 00:05:25]} Rxd1+ {[%clk 00:20:55]} {[%emt 00:02:30]} 31. Qxd1
{[%clk 00:09:52]} Bxb4 {[%clk 00:17:28]} {[%emt 00:03:57]} 32. axb4 {[%clk
00:10:21]} Qb6 {[%clk 00:17:26]} {[%emt 00:00:29]} 33. c3 {[%clk 00:10:05]}
{[%emt 00:00:49]} Qf2 {[%clk 00:17:08]} {[%emt 00:00:48]} 34. Qd8+ {[%clk
00:03:58]} {[%emt 00:06:37]} Kg7 {[%clk 00:17:29]} {[%emt 00:00:09]} 35. Qf6+
{[%clk 00:03:20]} {[%emt 00:01:08]} Kg8 {[%clk 00:17:42]} {[%emt 00:00:16]} 36.
Qd8+ {[%clk 00:03:43]} {[%emt 00:00:07]} Kg7 {[%clk 00:18:08]} {[%emt
00:00:05]} 37. Qf6+ {[%clk 00:04:03]} {[%emt 00:00:10]} Kg8 {[%clk 00:18:18]}
{[%emt 00:00:20]} 38. Qd8+ {[%clk 00:04:27]} {[%emt 00:00:06]} 1/2-1/2